| 000 | 00597nam a2200193 a 4500 | ||
|---|---|---|---|
| 001 | 000038447 | ||
| 003 | 000038447 | ||
| 005 | 20180214094705.0 | ||
| 008 | 130411s2012 dr ac 000 0 spa d | ||
| 040 |
_aBPMET _bspa _cBPMET |
||
| 245 | 0 | 0 |
_aLa criolla : _bserenata dominicana. |
| 260 |
_aSanto Domingo : _bArchivo General de la Nación _bMuseo de la Música Dominicana, _c2012. |
||
| 300 |
_a51 p. : _bil., retrs ; _c12 cm. |
||
| 490 | 1 |
_aArchivo musical _v3 |
|
| 830 | 0 |
_aArchivo musical _v3 |
|
| 942 |
_2ddc _cBK |
||
| 945 | _ainventariado, 2018 / dg | ||
| 956 |
_aVMATEO _b10 _c20140603 _lBPMSU _h0069 |
||
| 999 |
_c7110 _d7110 |
||